000 01120nam0a2200325 4500
001 RU\NLR\bibl\828006
005 20260531065432.0
010 _a5-699-09696-5
_96000
021 _aRU
_b2005-18904
_9961
035 _a(NLR Aleph) 000816897
090 _a1276455
_c1276455
100 _a20050804d2005 |||y0rusy50 ca
101 0 _arus
102 _aRU
105 _ay |||||||||
200 1 _aЛюбовник по сходной цене
_e[повесть]
_fСветлана Алешина
210 _aМосква
_cЭксмо
_d2005
215 _a316,[1] с.
_d17
225 1 _aРусский бестселлер
_eРБ
225 1 _aНовая книга
311 _aСериал "Новая русская"
488 0 _12001#$aНовая русская
_tНовая русская
686 _aШ6(2=Р)75-446
700 1 _4070
_8rus
_7ca
_aАлешина
_bС. В.
_cписатель
_gСветлана Валентиновна
_3RU\NLR\auth\7724443
_97494
801 0 _aRU
_bNLR
_c20050804
_grcr
801 1 _aRU
_bNLR
_c20050804
942 _cBOOK
980 _aNB